Normal view
MARC view
Entry Personal Name
001 - CONTROL NUMBER
- control field: 29657
003 - CONTROL NUMBER IDENTIFIER
- control field: OSt
005 - DATE AND TIME OF LATEST TRANSACTION
- control field: 20220209120304.0
008 - FIXED-LENGTH DATA ELEMENTS
- fixed length control field: 220209|| aca||aabn | a|a d
040 ## - CATALOGING SOURCE
- Original cataloging agency: OSt
- Transcribing agency: OSt
100 ## - HEADING--PERSONAL NAME
- Personal name: Tamuli, Mondira
670 ## - SOURCE DATA FOUND
- Source citation: Work cat.: (OSt)518599: Tamuli, Mondira , Changing structure of rural workforce and economic activates in Assam: Ensuring wellbeing or struggle for sustenance
